The great landbanking carve-up (Record no. 78158)
[ view plain ]
| 000 -LEADER | |
|---|---|
| fixed length control field | 00825cab a2200181 4500 |
| 001 - CONTROL NUMBER | |
| control field | L136156 |
| 008 - FIXED-LENGTH DATA ELEMENTS--GENERAL INFORMATION | |
| fixed length control field | 070115n2006 000 0 eng u |
| 035 ## - SYSTEM CONTROL NUMBER | |
| System control number | (Sirsi) u136156 |
| 041 0# - LANGUAGE CODE | |
| Language code of text/sound track or separate title | eng |
| 110 2# - MAIN ENTRY--CORPORATE NAME | |
| Corporate name or jurisdiction name as entry element | Campaign to Protect Rural England |
| 9 (RLIN) | 4718 |
| 245 04 - TITLE STATEMENT | |
| Title | The great landbanking carve-up |
| Medium | [electronic resource] |
| 260 ## - PUBLICATION, DISTRIBUTION, ETC. | |
| Date of publication, distribution, etc. | 2006 |
| 520 ## - SUMMARY, ETC. | |
| Summary, etc. | Details of a campaign launched to highlight the damaging effects of landbanking - the sale of small plots of English countryside to investors in the UK and globally. Includes proposals from the Campaign to Protect Rural England to the FSA and the Office of Fair Trading. |
| 651 #4 - SUBJECT ADDED ENTRY--GEOGRAPHIC NAME | |
| Geographic name | England |
| Chronological subdivision | 886- |
| 690 ## - LOCAL SUBJECT ADDED ENTRY--TOPICAL TERM (OCLC, RLIN) | |
| Topical term or geographic name as entry element | PROPERTY-RURAL AND NATURAL ASSETS-LAND |
| 856 40 - ELECTRONIC LOCATION AND ACCESS | |
| Uniform Resource Identifier | <a href="https://www.cpre.org.uk/news/view/345">https://www.cpre.org.uk/news/view/345</a> |
| Public note | View the report free of charge at www.cpre.org.uk... |
| 942 ## - ADDED ENTRY ELEMENTS (KOHA) | |
| Suppress in OPAC | 0 |
| Withdrawn status | Lost status | Source of classification or shelving scheme | Damaged status | Not for loan | Home library | Current library | Shelving location | Date acquired | Total Checkouts | Full call number | Barcode | Date last seen | Copy number | Price effective from | Koha item type |
|---|---|---|---|---|---|---|---|---|---|---|---|---|---|---|---|
| Dewey Decimal Classification | Virtual | Virtual | Online | 15/01/2007 | ONLINE PUBLICATION | 136156-1001 | 06/08/2019 | 1 | 06/08/2019 | Journal article |